| 000 | 00380nam a22001577a 4500 | ||
|---|---|---|---|
| 003 | OSt | ||
| 005 | 20230626083236.0 | ||
| 008 | 230626b xxu||||| |||| 00| 0 eng d | ||
| 040 | _cDLC | ||
| 082 |
_a330.97 _bMOFEP |
||
| 100 | _cCentral Bureau of Statistics | ||
| 245 | _aEconomic Survey 1989 | ||
| 260 |
_aKenya _bCentral Bureau of Statistics |
||
| 300 | _a157p | ||
| 942 |
_2ddc _cBK |
||
| 999 |
_c2575 _d2575 |
||